Manual del Cash Management : cómo obtener beneficios manejando mejor su dinero /

Gespeichert in:
Bibliographische Detailangaben
1. Verfasser: López Martínez, Francisco J. (autor)
Format: Buch
Sprache:Spanisch
Veröffentlicht: Bilbao, España : Deusto, 2003, c2003
Ausgabe:4a edición
Schlagworte:
Tags: Tag hinzufügen
Keine Tags, Fügen Sie das erste Tag hinzu!

MARC

LEADER 00000nam^a2200000^a^4500
001 000171345
005 20250521000000.0
009 20260310101341.533
020 |a 84-234-2017-5 
037 |a Acervo ITESO - Biblioteca 
041 |a ESP 
082 |a 658. 15  |b LOP 
100 |a López Martínez, Francisco J.  |e (autor) 
245 1 0 |a Manual del Cash Management :  |b cómo obtener beneficios manejando mejor su dinero /  |c F.J. López Martínez. 
250 |a 4a edición 
264 4 |a Bilbao, España :  |b Deusto,  |c 2003, c2003 
300 |a 245 p. 
336 |a texto  |b txt  |2 rdacontenido 
337 |a sin mediación  |b n  |2 rdamedio 
338 |a volumen  |b nc  |2 rdasoporte 
649 |a XX 
650 |a Dinero 
650 |a Crédito 
650 |a Liquidez (Economía) 
650 |a Presupuesto 
650 |a Inversiones 
650 |a Control Interno 
650 |a Crédito 
650 |a Inversiones 
650 |a Fondos para el Retiro 
650 |a Cobranza 
650 |a Pagos 
650 |a Bancos y Operaciones Bancarias 
650 |a Financiamiento (de Empresas, Proyectos, etc.) 
650 |a Utilidad (Economía) 
650 |a Balance de Flujos (Economía) 
650 |a Contabilidad Financiera 
650 |a Contabilidad 
650 |a Administración 
650 |a Administración Financiera 
650 |a Proceso Administrativo -  |x Dirección 
650 |a Ciencias Administrativas 
910 |a Fondo General 
920 |a Impresos - Libros 
930 |a Colección General 
905 |a 101 
901 |a 0500108678  |b IT1  |c ACC  |u 20250521 
902 |a https://opac.biblio.iteso.mx/vufind/Record/000171345